000 01149cam a22002891i 4500
003 SA-RiAUC
005 20241231064827.0
008 241231s1993 ua g b 00000 ara c
040 _aSA-RiAUC
_bara
_cSA-RiAUC
_erda
082 0 4 _a251.222
_qSA-RiAUC
090 _a251.222
_bا د ر
100 1 _aإدريس، عبد الفتاح محمود،
_d1950-
_eمؤلف.
245 1 0 _aأحكام العورة في الفقه الإسلامي :
_bبحث مقارن /
_cعبد الفتاح محمود إدريس.
250 _aالطبعة الأولى.
264 1 _aالقاهرة :
_bعبد الفتاح محمود إدريس،
_c1993
300 _a2 مجلد ؛
_c24 سم
336 _aنص
_btxt
_2rdacontent
_3كتاب
337 _aبدون وسيط
_bn
_2rdamedia
338 _aمجلد
_bnc
_2rdacarrier
504 _aببليوجرافية : صفحة 873-882.
650 7 _aالأحكام الشرعية
_2aucsh
650 7 _aالحلال والحرام
_2aucsh
650 7 _aأصول الفقه الإسلامي
_2aucsh
650 7 _aالعورة (فقه إسلامي)
_2aucsh
942 _2ddc
_cBOOK
949 _aSA-JeALM
_d241231
_ukhaled123
_n1
999 _c4155
_d4155